Vývoj mortality v Slovenskej republike

Popis vývoja úmrtnosti v Slovenskej republike za obdobie rokov 1996 až 2013, v rámci predikcie očakávaného vývoja úmrtnosti za obdobie rokov 1950 až 2013. Identifikácia dojčenskej úmrtnosti v SR ako celku a v krajoch SR.

Salvato in:
Dettagli Bibliografici
Autore principale: Poláková, Zuzana
Altri autori: Obtulovič, Peter
Natura: Capitolo di libro
Lingua:slovacco
Soggetti:
Tags: Aggiungi Tag
Nessun Tag, puoi essere il primo ad aggiungerne!!

MARC

LEADER 00000naa a2200000 4500
001 0200431
005 20220715094053.8
041 0 |a slo 
044 |a SK 
245 1 0 |a Vývoj mortality v Slovenskej republike  |c Zuzana Poláková, Peter Obtulovič 
520 |a Popis vývoja úmrtnosti v Slovenskej republike za obdobie rokov 1996 až 2013, v rámci predikcie očakávaného vývoja úmrtnosti za obdobie rokov 1950 až 2013. Identifikácia dojčenskej úmrtnosti v SR ako celku a v krajoch SR. 
610 2 0 |a úmrtnosť 
610 2 0 |a štatistika demografická 
610 2 0 |a Slovensko 
610 2 0 |a vývoj populačný 
100 1 |a Poláková, Zuzana 
700 1 |a Obtulovič, Peter